রবীন্দ্রপ্রবন্ধ : (Record no. 44268)
[ view plain ]
| 000 -LEADER | |
|---|---|
| fixed length control field | 01006nam a2200241 a 4500 |
| 001 - CONTROL NUMBER | |
| control field | 44268 |
| 003 - CONTROL NUMBER IDENTIFIER | |
| rucl marc code | BD-RjUL |
| 005 - DATE AND TIME OF LATEST TRANSACTION | |
| control field | 20211209053828.0 |
| 008 - FIXED-LENGTH DATA ELEMENTS--GENERAL INFORMATION | |
| fixed length control field | 160716s1976 ii ||||| |||| 00| 0 ben d |
| 020 ## - INTERNATIONAL STANDARD BOOK NUMBER | |
| Terms of availability | : Tk. 7.50 |
| 035 ## - SYSTEM CONTROL NUMBER | |
| System control number | (BD-RjUL)44386 |
| 040 ## - CATALOGING SOURCE | |
| Original cataloging agency | BD-RjUL |
| Language of cataloging | ben |
| Transcribing agency | BD-RjUL |
| 041 ## - LANGUAGE CODE | |
| Language code of text/sound track or separate title | ben |
| 082 ## - DEWEY DECIMAL CLASSIFICATION NUMBER | |
| Edition number | 23 |
| Classification number | 891.4414 |
| Author mark and year | AJR 1973 |
| 100 1# - MAIN ENTRY--PERSONAL NAME | |
| Personal name | আজাদ, হুমায়ূন |
| 9 (RLIN) | 117506 |
| 245 10 - TITLE STATEMENT | |
| Title | রবীন্দ্রপ্রবন্ধ : |
| Remainder of title | রাষ্ট্র ও সমাজচিন্তা / |
| Statement of responsibility, etc. | হুমায়ূন আজাদ |
| 260 ## - PUBLICATION, DISTRIBUTION, ETC. (IMPRINT) | |
| Place of publication, distribution, etc. | ঢাকা : |
| Name of publisher, distributor, etc. | বাংলা একাডেমী , |
| Date of publication, distribution, etc. | ১৯৭৩ |
| 300 ## - PHYSICAL DESCRIPTION | |
| Pagination | [১০], ১৮০ পৃ. ; |
| Size | ১৮ সেমি. |
| 504 ## - BIBLIOGRAPHY, ETC. NOTE | |
| Bibliography, etc | নির্ঘন্ট ও গ্রন্থপঞ্জী সংযুক্ত |
| 600 ## - SUBJECT ADDED ENTRY--PERSONAL NAME | |
| Personal name | ঠাকুর, রবীন্দ্রনাথ -- ১৮৪৫-১৮৬১ |
| Personal name | Tagore, Rabindranath -- 1845-1861 |
| 942 ## - ADDED ENTRY ELEMENTS (KOHA) | |
| Source of classification or shelving scheme | Dewey Decimal Classification |
| Koha item type | Books |
| Lost status | Source of classification or shelving scheme | Damaged status | Not for loan | Collection code | Permanent Location | Current Location | Shelving location | Date acquired | Source of acquisition | Cost, normal purchase price | Total Checkouts | Full call number | Date last seen | Date checked out | Copy number | Koha item type |
|---|---|---|---|---|---|---|---|---|---|---|---|---|---|---|---|---|
| Dewey Decimal Classification | Non-fiction | Central Library, University of Rajshahi | Central Library, University of Rajshahi | 27/01/1975 | Bangla Academy, Dhaka | 7.50 | 2 | B 891.4414 AJR 1973 | 16/06/2022 | 09/06/2022 | C-2 | Books |